clash royale quiz - Statistics

General Stats
  • This quiz has been taken 432 times
  • The average score is 10 of 15
Answer Stats
Hint Answer % Correct
mega knight
99%
dark prince
98%
pekka mini
84%
hog rider
83%
barrel goblin
82%
lava hound
81%
skeliton army
77%
x bow
74%
goblin gang
68%
tower inferno
65%
the log
57%
goblin hut
46%
axe valkyrie
40%
knight witch
27%
stone tomb
23%
No matching quizzes found
Score Distribution
Percent of People with Each Score
Percentile by Number Answered
Your Score History
You have not taken this quiz